| 000 | 00857nam a22002655i 4500 | ||
|---|---|---|---|
| 001 | 12414 | ||
| 003 | ES-MaACL | ||
| 005 | 20250731233931.0 | ||
| 007 | t| | ||
| 008 | 921026s1992 sp ||||0| spa j | ||
| 020 | _a84-7100-552-2 | ||
| 040 |
_aM-BN _bspa _cM-BN |
||
| 080 | _a984"1809/25" | ||
| 100 | 1 |
_aSiles Salinas, Jorge. _9106343 |
|
| 245 | 1 | 3 |
_aLa independencia de Bolivia / _cJorge Siles Salinas. |
| 260 |
_aMadrid : _bMAPFRE, _c[1992] |
||
| 300 |
_a406 p : _bil ; _c23 cm. |
||
| 490 | 1 |
_aColección Independencia de Iberoamérica ; _v10 |
|
| 500 | _aIndices. | ||
| 504 | _aBibliografía: p. 381-391. | ||
| 651 | 4 |
_aBolivia- _xHistoria- _y1809-1825 (Guerras de la Independencia) _9138933 |
|
| 830 | 0 | 0 |
_aColección Independencia de Iberoamérica _v10 _9179057 |
| 852 |
_aES-MaACL _jL-19726 _bR.124218 |
||
| 999 |
_c12414 _d12414 |
||